000 00756nam a2200301 a 4500
003 AR-BaBNM
005 20251128202821.0
008 082120s2002 ||||||||||||||000 | spa||
040 _cAR-BaBNM
100 0 _aEurípides
245 0 0 _aMedea
260 _aBuenos Aires
_bColumba
_c1972
300 _a71 p.
490 0 _aBirreme
_vv. 1
500 _aContiene referencias bibliográficas en p. 21
650 4 _aLITERATURA GRIEGA
650 4 _aCRITICA LITERARIA
650 4 _aTRAGEDIA
650 4 _aTEATRO ANTIGUO
650 4 _aARTE ANTIGUO
650 4 _aMITOLOGIA
650 4 _aRELIGION
655 _aLITERATURA
700 1 _aGriffero, María Celina
_etraductor
800 1 _aVaccaro, Alberto J.
_edirector
942 _cBK
998 _cMARTIN
999 _c712
_d712